Responses for Show #3524 - Thursday, December 23, 1999

Contestants

[<< previous game]

Matt Cunningham, a public relations and political consultant from Orange, California

Debbie Ream, a corporate affairs manager from Covina, California

Mitch Teich, a public radio news reporter from Flagstaff, Arizona (whose 1-day cash winnings total $11,610)

[next game >>]

Jeopardy! Round responses

1941
(Alex: You'll notice a theme here today.)
THE LOST "WORLD"
JAWS
DUEL
INDIANA JONES
STEVEN SPIELBERG
    $100 5
Joe Louis

Matt
    $100 21
World Series

Matt
    $100 11
Crocodile

Mitch
    $100 3
Second

Debbie
    $100 1
Indianapolis 500

Mitch
    $100 26
The Greatest Show on Earth

Matt
    $200 6
Erwin Rommel

Matt
    $200 22
World Trade Center

Matt
    $200 17
Venus Flytrap

Debbie
    $200 4
The person being challenged

Matt
    $200 2
Johnny Appleseed (John Chapman)

Debbie
    $200 27
Close Encounters of the Third Kind

Debbie
    $300 7
(Matt: What is Casablanca?)
(Mitch: What is The Treasure of the Sierra Madre?)

The Maltese Falcon

MitchDebbieMatt
    $300 23
World News Tonight

Mitch
    $300 18
Hyena

Debbie
    $300 8
(Matt: What is France?)

Germany

Matt
Triple Stumper
    $300 14
(Matt: What is Pittsburgh?)

Gary

MitchMatt
    $300 28
Battleship Potemkin

Mitch
    $400 12
Triple Crown

Debbie
    $400 24
World Trade Organization

Matt
    $400 19
Jaws of Life

Mitch
    $400 9
Gauntlet

Debbie
    $400 15
Ohio River

Mitch
    $400 29
(Matt: What is The Twilight Zone?)

Night Gallery

Matt
Triple Stumper
    $500 13
Iceland

Mitch
    $500 25
(Alex: And we have one minute to deal with STEVEN SPIELBERG.)

the World Wildlife Fund

Mitch
    $500 20
Hapsburgs

Triple Stumper
    $500 10
France

Debbie
    $1,000 16
Bloomington

Mitch
    $500 30
Amblin'

Debbie

Scores at the first commercial break (after clue 15):

Mitch Debbie Matt
$1,100 $1,900 -$400

Scores at the end of the Jeopardy! Round:

Mitch Debbie Matt
$3,600 $3,100 $0

Double Jeopardy! Round responses

AMERICAN LIT
LOW TECH
PRESIDENTIAL ALSO RANS
THINKERS & THOUGHTS
DISCOGRAPHIES
__E__E__E
(Alex: Each correct response will be a 6-letter word.)
    $200 2
Green Mountain Boys

Mitch
    $200 24
Wheel

Mitch
    $200 1
H. Ross Perot

Debbie
    $200 7
Pleasure

Matt
    $200 18
The Police

Mitch
    $200 13
Revere

Mitch
    $400 12
Nathaniel Hawthorne

Triple Stumper
    $400 25
(Alex: A minute to go.)

Arrowhead

Matt
    $400 3
Pat Buchanan

Mitch
    $400 8
(Debbie: What is a footstep?)
(Matt: What is reality?)

River

DebbieMatt
Triple Stumper
    $400 19
Fleetwood Mac

Mitch
    $400 14
Secede

Debbie
    $600 23
Washington Square

Triple Stumper
    $600 26
Anvil

Debbie
    $600 4
Gary Hart

Matt
    $600 9
Matter

Triple Stumper
    $600 20
The Eurythmics

Matt
    $600 15
Redeye

Matt
    $800 29
John Dos Passos

Mitch
    $800 27
Rudder

Mitch
    $800 5
Shirley Chisholm

Matt
    $800 10
Pragmatism

Matt
    $800 21
Beck

Mitch
    $800 16
Renege

Mitch
    $1000 30
Theodore Dreiser

Triple Stumper
    $1000 28
Hoe

Triple Stumper
    $1000 6
John Anderson

Matt
    $1000 11
Deconstruction

Mitch
    $900 22
The Who

Mitch
    $1000 17
Serene

Matt

Scores at the end of the Double Jeopardy! Round:

Mitch Debbie Matt
$10,300 $3,900 $5,600

[wagering suggestions for these scores]

Final Jeopardy! Round responses

LANGUAGES
(Alex: Mitch, we'll see you tomorrow on Christmas Eve!)
DebbieWhat is German?
$2,500
MattWhat is Esperanto?
$5,600
MitchWhat is German?
$920
French

Final scores:

Mitch Debbie Matt
$9,380 $1,400 $0
2-day champion: $20,990 2nd place: Intel PC Camera Pro Pack & Compaq Presario Desktop PC 3rd place: World of Science Shopping Spree

Game dynamics:

Coryat scores:

Mitch Debbie Matt
$9,900 $3,900 $5,600
22 R
(including 2 DDs),
1 W
13 R,
1 W
16 R
(including 1 DD),
5 W

Combined Coryat: $19,400

[game clues] [game scores] [suggest correction]

Game tape date: 1999-10-27
The J! Archive is created by fans, for fans. Scraping, republication, monetization, and malicious use prohibited; this site may use cookies and collect identifying information. See terms. The Jeopardy! game show and all elements thereof, including but not limited to copyright and trademark thereto, are the property of Jeopardy Productions, Inc. and are protected under law. This website is not affiliated with, sponsored by, or operated by Jeopardy Productions, Inc. Join the discussion at JBoard.tv.